| 000 | 01452nam a2200253Ia 4500 | ||
|---|---|---|---|
| 003 | Ost | ||
| 005 | 20260416102355.0 | ||
| 008 | 260416s9999||||xx |||||||||||||| ||und|| | ||
| 040 | _cfsecg | ||
| 041 | _aara | ||
| 082 | _a658.015 | ||
| 100 |
_aعجراد، شرحبيل _eمؤلف |
||
| 245 | 0 |
_aإدارة السلوك التنظيمي / _c شرحبيل عجراد |
|
| 260 |
_aالجزائر _bجامعة الجزائر3: كلية العلوم الإقتصادية، العلوم التجارية وعلوم التسيير _c2019 |
||
| 300 |
_a98 ورقة _bايضاحات _c30 سم |
||
| 504 | _aمراجع ص.93 | ||
| 520 | _aالسلوك الانساني في المنظمات، الشخصية و الاختلافات الفردية، مناخ وضغوطات العمل، حوافز العمل؛ الأساسيات؛ التطبيق والتحديات، ديناميكية فرق العمل، الاتصال داخل المنظمات، القيادة، السلطة و التأثير في المنظمة، الصراع؛ التعاون و التفاوض في المنظمة، الثقافة التنظيمية والتغيير. | ||
| 653 | _aالاتصال | ||
| 653 | _aالسلوك | ||
| 653 | _aالسلوك الاداري | ||
| 653 | _aالقيادة | ||
| 710 |
_aجامعة الجزائر3: كلية العلوم الإقتصادية، العلوم التجارية وعلوم التسيير _eناشر علمي |
||
| 942 | _cHANDOUT | ||
| 999 |
_c41153 _d41153 |
||